000 01103cab a2200337 4500
001 ABS54088
008 090401t1995 xxu||||| |||| 00| 0 eng d
035 _a(Sirsi) u8415
041 _aeng
100 _aBlack, S.
245 _aCommunity-led rural development policies in the highlands and islands
260 _c1995
350 _a0
490 _aLocal Economy
_v10(3) November 1995, 229-245(9)
520 _aAn examination of rural development programmes in the highlands and islands of Scotland and an evaluation of the LEADER scheme, a European community initiative and funding scheme.
650 _aEUROPE
650 _aEUROPEAN AGRICULTURAL GUIDANCE AND GUARANTEE FUND
650 _aEUROPEAN REGIONAL DEVELOPMENT FUND
650 _aEUROPEAN SOCIAL FUND
650 _aHIGHLANDS
650 _aLEADER
650 _aLIAISONS ENTRE ACTIONS DE LECONOMIE RURAL
650 _aREGIONAL DEVELOPMENT
650 _aRURAL DEVELOPMENT
650 _aSCOTLAND
650 _aSTRUCTURAL FUNDS
690 _aRURAL PRACTICE
700 _aConway, E.
942 _n0
948 _c04/03/1997
999 _c5183
_d5183